| 000 | 00933cam a22002651 4500 | ||
|---|---|---|---|
| 001 | e 42000239 | ||
| 003 | DLC | ||
| 005 | 20260227111231.0 | ||
| 008 | 821030s1942 nyu s000 0 eng c | ||
| 010 | _ae 42000239 | ||
| 035 | _a(OCoLC)8908844 | ||
| 040 |
_aU.S. Off. of educ. Library _cICarbS _dICarbS _dDLC |
||
| 042 | _apremarc | ||
| 050 | 0 | 0 |
_aLB2351 _b.N45 1942 |
| 082 | _a371.214747 | ||
| 110 | 2 | _aUniversity of the State of New York. | |
| 245 | 1 | 0 | _aSubject requirements for matriculation in colleges and universites of New York state. |
| 250 | _aRevised March 1942. | ||
| 260 |
_aAlbany _c[1942] |
||
| 300 |
_a49 p. _c23 cm. |
||
| 490 | 1 |
_aUniversity of the state of New York bulletin _vno. 1223 ... November 1, 1941 |
|
| 650 | 0 |
_aUniversities and colleges _xEntrance requirements. |
|
| 650 | 0 |
_aUniversities and colleges _zNew York (State) |
|
| 810 | 2 |
_aUniversity of the State of New York. _tBulletin ; _vno. 1223. |
|
| 999 |
_c21877 _d21877 |
||